| 000 | 00602nam a2200181Ia 4500 | ||
|---|---|---|---|
| 003 | IN-BaIIA | ||
| 008 | 211028s9999 xx 000 0 eng d | ||
| 020 | _a0-691-08475-0 | ||
| 040 | _cIIA Library | ||
| 080 |
_a081:52 _bBEC |
||
| 100 |
_aBeck, A _919940 |
||
| 245 | 4 |
_aThe collected papers of Albert Einstein _bvol. I, the early years 1879-1902 (English translation). _cA. Beck and Havas, P |
|
| 260 |
_aNew Jersey _bPrinceton University Press _c1987 |
||
| 300 | _axxii, 196p. | ||
| 650 |
_aAlbert Einstein pollected papers _919941 |
||
| 650 |
_aCollected papers-Albert Einstein _918195 |
||
| 942 | _cBK | ||
| 999 |
_c11548 _d11548 |
||